Statistics for City to State #2

Click here to take the quiz!

General Stats

  • This quiz has been taken 51 times
  • The average score is 24 of 30

Answer Stats

CityState% Correct
OrlandoFlorida
98%
NashvilleTennessee
98%
OlympiaWashington
96%
New OrleansLouisiana
93%
Des MoinesIowa
91%
CincinattiOhio
91%
MadisonWisconsin
91%
MobileAlabama
89%
TucsonArizona
89%
AtlantaGeorgia
89%
San BernardinoCalifornia
87%
AugustaMaine
87%
AnnapolisMaryland
87%
OaklandCalifornia
84%
FlintMichigan
82%
Jefferson CityMissouri
82%
RenoNevada
82%
AmarilloTexas
82%
FrankfortKentucky
80%
RoswellNew Mexico
78%
New HavenConnecticut
76%
PierreSouth Dakota
76%
ColumbiaSouth Carolina
73%
LubbockTexas
71%
Winston-SalemNorth Carolina
69%
CodyWyoming
69%
BiloxiMississippi
67%
WilmingtonDelaware
62%
OgdenUtah
62%
BurlingtonVermont
53%

Score Distribution

Percentile by Number Answered

Percent of People with Each Score

Your Score History

You have not taken this quiz